Дюля (Запис номер 119394)
[ съкратено ]
| 000 -Лидер | |
|---|---|
| Контролно поле с фиксирана дължина | 01192nam a2200349 c 4500 |
| 003 - Код на организацията, давaща контролен номер | |
| Контролно поле | BLK |
| 005 - Дата и час на последна редакция | |
| Контролно поле | 20220531092557.0 |
| 008 - Елементи от данни с фиксирана дължина | |
| fixed length control field | 180409b bul|||||r ||||||| ||bul|| |
| 010 ## - Наследен системен номер | |
| LC control number | KNG00125009000 |
| 040 ## - Източник на каталожния запис | |
| Идентификатор на билиотеката - собственик на записа | BLK |
| 041 ## - Код за език | |
| Код за езика на текст/звукозапис или на отделно заглавие | Български |
| Код за езика КДБФ | Български |
| 080 ## - УДК | |
| Текстов определител УДК | Дюля |
| УДК код - определител по УДК | 634.14 |
| УДК определител | (035) |
| УДК - код + определител | 634.14(035) |
| 100 1# - Редна дума - Автор | |
| Автор | Ангелов, Тодор Христов |
| Авторска отговорност | първи автор |
| R(LIN) | 316157 |
| 139 ## - Редно поле | |
| Редна дума | Ангелов, Тодор Христов |
| Авторски знак | Ан - А 64 |
| 245 10 - Сведения за заглавието | |
| Заглавие | Дюля |
| Редно поле (дума) | Тодор Христов Ангелов. |
| 257 ## - Страна на издаване | |
| Страна на създаване/издаване | България |
| 260 ## - Област на издателските данни | |
| Име на издателя, разпространителя и проч. | Христо Г. Данов |
| Година на издаване | 1966 |
| Място на издаване, разпространение и проч. | Пловдив |
| 300 ## - Физическа характеристика | |
| Страници | 112 с. |
| Илюстрации и др. | с ил. |
| Размери/Мащаб | 21 см |
| 380 ## - Жанр | |
| Жанр | Селско стопанство |
| 490 ## - СЕРИИ (Колекции) | |
| Име на серия | Поредица Семена |
| 9 (RLIN) | 205327 |
| 500 ## - Общи забележки | |
| Забележка | Библиогр. с. 106-108. |
| 650 #4 - Допълнително описание по предмет – тема | |
| Основно описание – тема или топоним | Дюля - агротехника |
| 9 (RLIN) | 154086 |
| 650 #4 - Допълнително описание по предмет – тема | |
| Основно описание – тема или топоним | Овощни култури |
| 9 (RLIN) | 281786 |
| 653 ## - Ключова дума – ненормативна | |
| Ключова дума | дюля |
| 653 ## - Ключова дума – ненормативна | |
| Ключова дума | овощни култури |
| 653 ## - Ключова дума – ненормативна | |
| Ключова дума | семкови култури |
| 852 ## - Местоположение | |
| Форматна сигнатура | Цб 37340 |
| Фондова буква | Хранилище |
| 856 4# - Електронен адрес и достъп | |
| Електронен формат | pdf - файл |
| 856 4# - Електронен адрес и достъп | |
| Електронен формат | pdf - файл |
| 999 ## - СИСТЕМНИ КОНТРОЛНИ НОМЕРА | |
| Koha biblionumber | 119394 |
| Koha biblioitemnumber | 119394 |
| 942 ## - АРТИКУЛИ | |
| Вид на библиотечния материал | Книги |
| Скрит в OPAC | Не |
| Периодичен библиозапис | Да |
| 944 ## - СЪЗДАВАНЕ И РЕДАКЦИЯ на ЗАПИСА | |
| Създаване/Редакция | Създаване |
| Дата на регистрацията/редакция | 18.08.2011 |
| Статус, дата на статуса | 18.08.2011 - от С1,Р / 18.08.2011 |
| Служител, извършил регистрацията/редакцията | Виолета_Тройчева |
| 944 ## - СЪЗДАВАНЕ И РЕДАКЦИЯ на ЗАПИСА | |
| Създаване/Редакция | Редакция |
| Дата на регистрацията/редакция | 18.08.2011 |
| Статус, дата на статуса | 18.08.2011 - от С1,Р / 18.08.2011 |
| 944 ## - СЪЗДАВАНЕ И РЕДАКЦИЯ на ЗАПИСА | |
| Създаване/Редакция | Редакция |
| Дата на регистрацията/редакция | 2022-05-31 |
| 999 ## - СИСТЕМНИ КОНТРОЛНИ НОМЕРА | |
| Koha biblioitemnumber | 119394 |
| Код за отписване | Код за изгубен артикул | Източник на класификационната схема | Код за повреда | Коз за рестрикции | Код за отдаване | Артикулен № | Име на библиотеката - собственик | Име на библиотеката, в която се намира в момента | Статус (Текущо местоположение) | Дата на вписване в системата | Местоположение - отдел | Цена в лева | Инвентарен номер | Систематично азбучна сигнатура | Баркод | Номер на екземпляра | Цена в евро | Служебна бележка | Служебен тип на артикула |
|---|---|---|---|---|---|---|---|---|---|---|---|---|---|---|---|---|---|---|---|
| Не е изгубен | Universal Decimal Classification | Не е повреден | без рестрикции | ползва се в читалня | 192652 | Регионална библиотека "Любен Каравелов" Русе | Регионална библиотека "Любен Каравелов" Русе | Хранилище | 1966-01-01 | Хранилище | 0.25 | 5891/66 | Цб 37340 | 900000097465 | 1 | 0.13 | Дост: Dp Вид: Д N: стар фонд Дата: 01.01.1966 | Книги |